[Event "Gniezno-ch Final-A"]
[Site "Gniezno"]
[Date "2008.11.10"]
[Round "8"]
[White "Kaluzny, Lukasz"]
[Black "Wisniewski, Emil"]
[Result "0-1"]
[WhiteElo "2054"]
[BlackElo "1847"]
[PlyCount "78"]
[EventDate "2008.11.07"]
[EventType "swiss"]
[EventRounds "9"]
[EventCountry "POL"]
[SourceTitle "EXT 2023"]
[Source "ChessBase"]
[SourceDate "2022.10.05"]
[SourceVersion "1"]
[SourceVersionDate "2022.10.05"]
[SourceQuality "1"]

1. e4 e6 2. d4 d5 3. e5 c5 4. c3 Nc6 5. Nf3 Qb6 6. a3 a5 7. Bd3 Bd7 8. Bc2 cxd4 9. cxd4 Nge7 10. 0-0 Nf5 11. Bxf5 exf5 12. Nc3 Be6 13. Qd3 Be7 14. Be3 0-0 15. Na4 Qa6 16. Qd2 Rfc8 17. Rac1 Qb5 18. Nc3 Qb6 19. Ne2 a4 20. Rc2 Na5 21. Rxc8+ Rxc8 22. Nf4 Nc4 23. Qd1 Nxb2 24. Qb1 Bxa3 25. Bc1 Rc3 26. Ng5 Rb3 27. Nfxe6 fxe6 28. g4 Nc4 29. Qc2 Bxc1 30. Rxc1 Qxd4 31. Nxe6 Qxg4+ 32. Kh1 Qe4+ 33. Qxe4 fxe4 34. Nc7 Nxe5 35. Nxd5 a3 36. Nc3 Nd3 37. Rc2 Nxf2+ 38. Kg2 Nd3 39. Kg3 Nb4 0-1

[Event "Ostroda op"]
[Site "Ostroda"]
[Date "2007.08.08"]
[Round "4"]
[White "Kaluzny, Lukasz"]
[Black "Murawski, Wieslaw"]
[Result "0-1"]
[WhiteElo "2033"]
[BlackElo "2138"]
[PlyCount "146"]
[EventDate "2007.08.06"]
[EventType "swiss"]
[EventRounds "9"]
[EventCountry "POL"]
[SourceTitle "EXT 2009"]
[Source "ChessBase"]
[SourceDate "2008.11.26"]
[SourceVersion "1"]
[SourceVersionDate "2008.11.26"]
[SourceQuality "1"]

1. e4 e5 2. Nf3 Nc6 3. Bc4 Bc5 4. c3 Nf6 5. d4 exd4 6. e5 d5 7. Bb5 Ne4 8. cxd4 Bb4+ 9. Bd2 Nxd2 10. Nbxd2 0-0 11. a3 Bxd2+ 12. Qxd2 Bd7 13. Bxc6 bxc6 14. b4 f6 15. 0-0 Bg4 16. Ne1 fxe5 17. dxe5 a5 18. Nc2 axb4 19. axb4 Rxa1 20. Rxa1 Qe7 21. Re1 Kh8 22. Qd4 Bf5 23. Ne3 Be6 24. Qc5 Qxc5 25. bxc5 d4 26. Nc2 Rd8 27. Ra1 Bb3 28. Nb4 d3 29. Nxc6 Rd7 30. e6 Bxe6 31. Ne5 Rd8 32. Nf3 Kg8 33. Nd2 Rd5 34. Rc1 Kf7 35. f4 Bg4 36. Kf2 Ke6 37. Ke3 Be2 38. Ke4 g5 39. fxg5 Rxg5 40. g3 c6 41. Kd4 h5 42. Ke4 Rg4+ 43. Ke3 Kd5 44. Nb3 Rb4 45. Nd2 Ra4 46. Nb1 Re4+ 47. Kd2 Re8 48. Nc3+ Kd4 49. Re1 Kxc5 50. Nxe2 dxe2 51. Rxe2 Rd8+ 52. Kc2 Rd5 53. Re4 Rf5 54. Rh4 Kb5 55. Kc3 c5 56. Kb3 Rf3+ 57. Kc2 c4 58. Rxh5+ Kb4 59. Rh8 Rf2+ 60. Kd1 Kc3 61. h4 Rg2 62. Rg8 Rh2 63. Rf8 Kb2 64. Rb8+ Kc3 65. Rb7 Kd3 66. Rd7+ Ke3 67. Kc1 Rg2 68. Rg7 Kd3 69. g4 Rg1+ 70. Kb2 c3+ 71. Ka2 c2 72. Rd7+ Ke4 73. Re7+ Kd5 0-1